000 00981nam a2200289 a 4500
001
003 DO-SdBNP
005 20211012134956.0
008 100819s2001 dr ac 001 0bspa d
020 _a9993420166
040 _aDO-SdBNP
_bspa
_cBPMSU
082 _a972.93053
_bC436m 2001
_222
100 1 _aChaljub Mejía, Rafael
100 z _aMejía, Rafael Chaljub
245 1 0 _aMerardo Germán :
_bun guerrillero de Constanza, relato /
_cRafael Chaljub Mejía.
260 _aSanto Domingo :
_bManatí,
_c2001.
300 _a118 p. :
_bil., retrs. ;
_c21 cm.
500 _aIncluye índice onomástico.
590 _aInventariado, 2021/VM
600 1 4 _aGermán, Mercado
_d1910-
650 4 _aPersecusiones políticas
650 4 _aGuerrillas
_zRepública Dominicana
_xHistoria
651 4 _aRepública Dominicana
_xHistoria
_yInvasión, 1959
_xRelatos personales
651 4 _aRepública Dominicana
_xHistoria
_yEera de Trujillo, 1930-1961
910 _aVMateo V.
942 _2ddc
_cBK
999 _c13787
_d13787